01263cam a22002297a 4500020001800000020001500018040000800033082002600041100002500067245011700092260007700209300003200286490003500318520045800353650002700811650001400838650002400852700002200876700002000898710006100918856005400979 a9789251060001 a9251060002 cOSU00a338 FOO 2008 A089 Or.1 aDe Young, Cassandra.10aHuman dimensions of the ecosystem approach to fisheries :ban overview of context, concepts, tools and methods / aRome :bFood and Agriculture Organization of the United Nations,cc2008. ax, 152 p. :bill. ;c30 cm.1 aFAO fisheries technical paper, aDesigned to cover a wide range of topics accessible to those in all fisheries areas and disciplines, this report describes the role of the economic, institutional and sociocultural components within the ecosystem approach to fisheries. It provides essential background material on key concepts and issues, on the valuation of aquatic ecosystems, and on relevant policy, legal, institutional, social and economic considerations.--Publisher's description. 0aSustainable fisheries. 0aFisheries 0aFishery management.1 aCharles, Anthony.1 aHjort, Antonia.2 aFood and Agriculture Organization of the United Nations.41uhttp://www.fao.org/docrep/010/i0163e/i0163e00.htm